000 00568nam a22002177a 4500
003 OSt
005 20140310183032.0
008 130219t xxu||||| |||| 00| 0 eng d
020 _a9712328457
050 _aLB2157
_b.At872 2000
082 _aFIL 370.71
_bSt9 2000
245 _aStudent teaching handbook
_cMonzon-Atienza, Sonia
260 _aManila
_b Rex Book Store
_cc2000
300 _avi, 72 p.
_bill.
_c28 cm.
521 _acollege students
526 _c1210L-1700L
541 _j1
541 _j2
562 _e2
942 _2lcc
_cBK
_kFIL
999 _c18448
_d18448